000 00597nam a22001697a 4500
003 NUST
038 _aNusrat Nadeem
082 _a200
100 _aQaisar, Muhammad
_9125298
245 _aAdvanced Threat Pattern Recognition and Visualization in Cybersecurity using Knowledge Graphs and Natural Language Processing/
_cMuhammad Qaisar,
264 _aIslamabad;
_bSEECS NUST;
_c2024.
300 _a68,p;
_bill;
_c30,cm.
650 _aMS-Computer Science
_926780
700 _aSupervisor: Dr. Bilal Ali
_9125299
856 _u http://10.250.8.41:8080/xmlui/handle/123456789/45826
942 _2ddc
_cSC
999 _c611059
_d611059